An Introduction to Classical Real Analysis

Saved in:
Bibliographic Details
Main Author: Stromberg, Karl Robert 1931-
Format: Book
Language:English
Published: Belmont, Calif. : Wadsworth International Group, c1981
Subjects:
Tags: Add Tag
No Tags, Be the first to tag this record!

MARC

LEADER 00000cam a2200000 i 4500
001 1/38369
008 941103s1981 eng d
020 |a 0534980120 
035 |l 10040750 
035 |a 1993  |c ΧΑΤΖΗΣΑΒΒΑΣ 
040 |a GR-MY-UA  |b gre  |e aacr 
041 0 |a eng 
082 0 |a 515.  |2 (19) 
100 1 |a Stromberg, Karl Robert  |d 1931- 
245 1 3 |a An Introduction to Classical Real Analysis /  |c Karl R. Stromberg 
260 |a Belmont, Calif. :   |b Wadsworth International Group,   |c c1981 
300 |a ix, 575 p.;  |c 24 cm 
500 |a Includes index 
504 |a Bibliography: p. 567-568 
650 0 0 |a Mathematical analysis. 
852 |a INST  |b SAMOS  |e 19941103  |h 515 STR  |p 005300003578  |q 005300003578  |t BK  |y 0 
909 |a Σ  |b 030897